Estadísticas para Top 10 Capitales Europeas más Remotos

Haz click aquí para tomar la prueba!

Estadísticas generales

  • Esta prueba ha sido tomada 1,041 veces
  • La puntuación promedio es 7 de 10

Estadísticas de respuestas

Distancia Más cercana Capital % Correcto
675 kmMinskMoscú
93%
1,493 kmDublinReikiavik
88%
417 kmEstocolmoOslo
85%
494 kmAndorra la ViejaMadrid
85%
500 kmMadridLisboa
84%
401 kmChisinauKiev
78%
489 kmSkopieAtenas
75%
463 kmLondresDublin
71%
392 kmVilnaVarsovia
55%
494 kmMadridAndorra la Vieja
35%

Distribución de puntuación

Porcentaje por número respondido

Porcentaje de gente con cada puntuación

Historial de tus puntuaciones

No has tomado esta prueba